000 00601nam a22002297a 4500
001 BT-PhCST
003 BT-PhCST
005 20190204171931.0
008 160316b xxu||||| |||| 00| 0 eng d
040 _aBT-PhCST
_cBT-PhCST
_dBT-PhCST
050 _a18858-18862
082 _222
_a650.421
100 _aHisrich, Robert D.
245 _aEntrepreneurship /
250 _a9th.
260 _aNew Delhi,
_bMcGraw Hill,
_cc2015.
300 _axxvi, 696p. ;
_bill. ;
_c24 cm.
700 _aManimala, Mathew J.
700 _aPeters, Michael P.
700 _aShepherd, Dean A.
942 _2ddc
_cMAG
999 _c6233
_d6233